000 00662nam a2200157Ia 4500
008 100122s9999 xx 000 0 und d
082 _b77024
_a925.08
100 _aठाकूर अशोक ना
245 _aआल्फ्रेड नोबेल आणि नोबेल पारितोषिक विजेते
250 _a1
260 _c2009
300 _a334
630 _aआल्फ्रेड नोबेल आणि नोबेल पारितोषिक विजेते
730 _aआल्फ्रेड नोबेल आणि नोबेल पारितोषिक विजेते
942 _cBOOK
999 _c393960
_d393957